<An> Exploratory Analysis of Long-Term Trends in Atmospheric CO2 Concentrations

Salvato in:
Dettagli Bibliografici
Autore principale: Antonovsky, M.Ya
Altri autori: Buchstaber, V.M
Natura: Libro
Lingua:inglese
Pubblicazione: Laxenburg International Institute for Applied Systems Analysis 1991
Edizione:1. ed.
Tags: Aggiungi Tag
Nessun Tag, puoi essere il primo ad aggiungerne!!

MARC

LEADER 00000nam a2200000 4500
001 c028355
005 20221214093545.5
041 0 |a eng 
044 |a AT 
245 1 0 |a <An> Exploratory Analysis of Long-Term Trends in Atmospheric CO2 Concentrations  |c M. Ya Antonovsky, V.M. Buchstaber 
250 |a 1. ed. 
264 1 |a Laxenburg  |b International Institute for Applied Systems Analysis  |c 1991 
300 |a S.171-187 
500 |a Separát z: Tellus (1991), 43 B (2):171-187 
100 1 |a Antonovsky, M.Ya. 
700 1 |a Buchstaber, V.M.